| 000 | 00684nam a22002177a 4500 | ||
|---|---|---|---|
| 999 |
_c9985 _d9985 |
||
| 003 | AR-CdUCM | ||
| 008 | 190329b ||||| |||| 00| 0 spa d | ||
| 040 |
_aMUNICIPALIDAD PROVINCIAL DEL CUSCO _cBIBLIOTECA MUNICIPAL DEL CUSCO |
||
| 082 |
_a910 / _bD96 / 1910 |
||
| 100 |
_aDuruy. V _926561 |
||
| 245 | _aNovísima Historia Universal / | ||
| 260 |
_aMadrid : _bEditorial Española -Americana, _c1910 |
||
| 300 |
_a528 paginas ; _c27 cm. |
||
| 505 | _aContenido :Historia de los griegos --Historia de la república romana / | ||
| 650 |
_aHistoria _9136 |
||
| 650 |
_aGrecia _92521 |
||
| 650 |
_aRoma _92474 |
||
| 700 |
_aMichelet, J _926562 |
||
| 942 |
_2ddc _cLIBROS |
||
| 945 | _arjall | ||